Szczegóły MARC21

Współczesne tendencje w marketingu i ich konsekwencje dla dydaktyki : materiały z międzynarodowej konferencji zorganizowanej przez Katedrę M arketingu Akademii Ekonomicznej w Krakowie (Kraków, 23 i 24 IX 1997 r. ) /

005 -DATA I CZAS OSTATNIEJ MODYFIKACJI [,]
    • @
    • pole kontrolne
    • 20070315155141.9
020 -Międzynarod. znormalizowany nr książki - ISBN [ , ]
    • a
    • Numer ISBN
    • 887239798 Find
040 -Instytucja sporządzająca opis [ , ]
    • a
    • Instytucja, która sporządziła opis (NP)
    • SZCZ U
    • c
    • Instytucja, która sporządziła rekord (NP)
    • SZCZ U
041 -Język dokumentu [0, ]
    • a
    • Język tekstu (P)
    • polski
    • h
    • Język tekstu oryginalnego i/lub pośredniego (P)
    • polski
942 -Rodzaj dokumentu [ , ]
    • c
    • Rodzaj dokumentu
    • Książka
245 -Strefa tytułu i oznaczenia odpowiedzialności [0, ]
    • a
    • Tytuł
    • Współczesne tendencje w marketingu i ich konsekwencje dla dydaktyki : Find
    • b
    • Ciąg dalszy tytułu (NP)
    • materiały z międzynarodowej konferencji zorganizowanej przez Katedrę M arketingu Akademii Ekonomicznej w Krakowie (Kraków, 23 i 24 IX 1997 r. ) / Find
    • c
    • Pozostałe elementy strefy tytułu i oznaczenia odpowiedzialności (NP)
    • Akademia Ekonomiczna w Krakowie ; pod red. Jerzego Altkorna.
260 -Strefa adresu wydawniczego [ , ]
    • a
    • Miejsce wydania (P)
    • Kraków :
    • b
    • Nazwa wydawcy (P)
    • AE
    • c
    • Data wydania (P)
    • 1998.
300 -Strefa opisu fizycznego [ , ]
    • a
    • Określenie formy książki i/lub objętość (NP)
    • 154 s. :
    • b
    • Oznaczenie ilustracji (NP)
    • wykr. :
    • c
    • Format (NP)
    • 24 cm.
080 -Uniwersalna Klasyfikacja Dziesiętna [ , ]
    • a
    • Symbol klasyfikacji
    • 339.138(061)
080 -Uniwersalna Klasyfikacja Dziesiętna [ , ]
    • a
    • Symbol klasyfikacji
    • :378.633(061)
080 -Uniwersalna Klasyfikacja Dziesiętna [ , ]
    • a
    • Symbol klasyfikacji
    • :372.833.913.8(061)
980 -Symbol UKD [ , ]
    • a
    • UKD
    • 339.138:378.633:372.833.913.8](061)
700 -Hasło dodatkowe - nazwa osobowa [ , ]
    • a
    • Nazwa osobowa (NP)
    • Altkorn Jerzy Find
920 -ISBN [ , ]
    • a
    • ISBN
    • 8-87239-79-8 Find
Lokalizacja Data inwentaryzacji Status udost. Numer inwentarzowy
T2000-07-18-6T.2914